Klicke auf alle Bundesländer ... - Statistiken

Allgemein
  • Dieses Quiz wurde 71 mal gespielt
  • Das Durchschnittsergebnis liegt bei 29 aus 45
Antwortstatistiken
Frage Kachel Select % Korrekt
Bundesländer, mit einer Millionenstadt Ja
97%
Bundesländer, mit einer Millionenstadt Ja
95%
Bundesländer, mit einer Millionenstadt Nein
94%
Bundesländer, mit einer Millionenstadt Nein
92%
Bundesländer, mit einer Millionenstadt Nein
91%
Bundesländer, mit einer Millionenstadt Ja
88%
Bundesländer, mit einer Millionenstadt Nein
88%
Bundesländer, mit einem über 1.000 Meter (ü. Nn.) hohem Punkt Ja
83%
Bundesländer, mit einem über 1.000 Meter (ü. Nn.) hohem Punkt Nein
82%
Bundesländer, mit einem über 1.000 Meter (ü. Nn.) hohem Punkt Nein
80%
Bundesländer, mit einer Fläche von über 30.000 km² Ja
75%
Bundesländer, mit einer Fläche von über 30.000 km² Nein
75%
Bundesländer, mit einer Millionenstadt Nein
74%
Bundesländer, mit einem über 1.000 Meter (ü. Nn.) hohem Punkt Nein
74%
Bundesländer, mit einem über 1.000 Meter (ü. Nn.) hohem Punkt Nein
72%
Bundesländer, mit einer Fläche von über 30.000 km² Nein
72%
Bundesländer, mit einem über 1.000 Meter (ü. Nn.) hohem Punkt Nein
71%
Bundesländer, mit über 10.000.000 Einwohnern Nein
71%
Bundesländer, mit über 10.000.000 Einwohnern Nein
71%
Bundesländer, mit einer Fläche von über 30.000 km² Nein
69%
Bundesländer, mit einer Fläche von über 30.000 km² Ja
69%
Bundesländer, mit über 10.000.000 Einwohnern Nein
66%
Bundesländer, mit einem Pro-Kopf-BIP über dem deutschlandweiten Durchschnitt Nein
66%
Bundesländer, mit einem über 1.000 Meter (ü. Nn.) hohem Punkt Ja
65%
Bundesländer, mit über 10.000.000 Einwohnern Ja
65%
Bundesländer, mit über 10.000.000 Einwohnern Nein
65%
Bundesländer, mit über 10.000.000 Einwohnern Nein
65%
Bundesländer, mit einem Pro-Kopf-BIP über dem deutschlandweiten Durchschnitt Nein
63%
Bundesländer, mit einer Fläche von über 30.000 km² Nein
62%
Bundesländer, mit einem Pro-Kopf-BIP über dem deutschlandweiten Durchschnitt Nein
62%
Bundesländer, mit einem Pro-Kopf-BIP über dem deutschlandweiten Durchschnitt Ja
62%
Bundesländer, mit einer Fläche von über 30.000 km² Ja
57%
Bundesländer, mit einem Pro-Kopf-BIP über dem deutschlandweiten Durchschnitt Ja
57%
Bundesländer, mit einer Millionenstadt Ja
55%
Bundesländer, mit über 10.000.000 Einwohnern Ja
52%
Bundesländer, mit einer Fläche von über 30.000 km² Nein
51%
Bundesländer, mit einem Pro-Kopf-BIP über dem deutschlandweiten Durchschnitt Ja
49%
Bundesländer, mit einer Fläche von über 30.000 km² Ja
46%
Bundesländer, mit über 10.000.000 Einwohnern Ja
46%
Bundesländer, mit einem Pro-Kopf-BIP über dem deutschlandweiten Durchschnitt Nein
43%
Bundesländer, mit über 10.000.000 Einwohnern Nein
42%
Bundesländer, mit einem über 1.000 Meter (ü. Nn.) hohem Punkt Ja
35%
Bundesländer, mit einem über 1.000 Meter (ü. Nn.) hohem Punkt Ja
29%
Bundesländer, mit einem Pro-Kopf-BIP über dem deutschlandweiten Durchschnitt Ja
23%
Bundesländer, mit einem Pro-Kopf-BIP über dem deutschlandweiten Durchschnitt Ja
11%
Keine übereinstimmenden Quizze gefunden
Verteilung der Resultate
Anzahl Personen mit jedem Resultat
Perzentil nach korrekt beantworteten Fragen
Ihre Resultats-Entwicklung
Sie haben dieses Quiz noch nicht gespielt